[Event "Saint Quentin 2005"]
[Site "Elancourt"]
[Date "2005.04.24"]
[Round "2.5"]
[White "Benier, Adrien"]
[Black "Bouverot, Olivier"]
[Result "0-1"]
[WhiteElo "1970"]
[BlackElo "2138"]
[PlyCount "114"]
[EventDate "2005.04.??"]

1. e4 Nc6 2. Nc3 Nf6 3. Nf3 d6 4. Be2 Bg4 5. d3 e6 6. Be3 Be7 7. Nd4 Bxe2 8.
Qxe2 Nxd4 9. Bxd4 c5 10. Be3 O-O 11. Qf3 d5 12. Ne2 Qa5+ 13. Bd2 Qa4 14. b3
dxe4 15. Qg3 Qc6 16. Bh6 Ne8 17. Rd1 Rd8 18. O-O exd3 19. Rxd3 Rxd3 20. cxd3
Qc7 21. Bf4 Bd6 22. Bxd6 Qxd6 23. Rc1 b6 24. d4 cxd4 25. Qxd6 Nxd6 26. Nxd4 Rc8
27. Rxc8+ Nxc8 28. Nc6 Kf8 29. Kf1 Ke8 30. Ke2 Kd7 31. Ne5+ Ke7 32. Kd3 f6 33.
Nc6+ Kd6 34. Nd4 a6 35. h3 Ne7 36. a3 e5 37. Nc2 Nd5 38. g3 f5 39. f3 g6 40.
Kc4 Kc6 41. Kd3 Kc5 42. Ne1 Nf6 43. Ke3 a5 44. Nd3+ Kd6 45. a4 Nd5+ 46. Kd2 e4
47. fxe4 fxe4 48. Ne1 Ke5 49. Nc2 h5 50. h4 Kf5 51. Nd4+ Kg4 52. Ne2 Kf3 53.
Ke1 Ne3 54. Nc3 Nc2+ 55. Kd2 Nd4 56. Nd5 Nxb3+ 57. Kc3 Nc5 0-1

[Event "Saint Quentin 2005"]
[Site "Elancourt"]
[Date "2005.04.24"]
[Round "2.6"]
[White "Baron, Daniel"]
[Black "Fayolle, Guy"]
[Result "1-0"]
[WhiteElo "2134"]
[BlackElo "1958"]
[PlyCount "51"]
[EventDate "2005.04.??"]

1. d4 Nf6 2. c4 g6 3. Nc3 Bg7 4. e4 d6 5. Nf3 O-O 6. Be2 e5 7. d5 Na6 8. Nd2
Nc5 9. b4 Ncd7 10. O-O c5 11. dxc6 bxc6 12. Nb3 Qc7 13. Be3 Nb6 14. c5 dxc5 15.
bxc5 Rd8 16. cxb6 Qxb6 17. Qc2 Be6 18. Rfd1 Nd7 19. Nd5 Qb7 20. Qxc6 Bxd5 21.
Qxd5 Qc7 22. Qd6 Qb7 23. Bg5 f6 24. Bc4+ Kh8 25. Bd5 Qb8 26. Bxa8 1-0

[Event "Saint Quentin 2005"]
[Site "Elancourt"]
[Date "2005.04.24"]
[Round "2.7"]
[White "Plantet, Marc"]
[Black "Brunel, Eric"]
[Result "1-0"]
[WhiteElo "2036"]
[BlackElo "1920"]
[PlyCount "57"]
[EventDate "2005.04.??"]

1. e4 d6 2. d4 g6 3. Nc3 Bg7 4. Be3 c6 5. Qd2 Qa5 6. Bd3 Nd7 7. Nf3 Ngf6 8.
O-O-O b5 9. Kb1 b4 10. Ne2 Ba6 11. Rhe1 Ng4 12. e5 Nxe3 13. Qxe3 Bxd3 14. Qxd3
dxe5 15. dxe5 Nc5 16. Qc4 O-O 17. Ned4 Rac8 18. e6 f6 19. h4 Rfd8 20. h5 Rd6
21. hxg6 hxg6 22. Nh4 Kh7 23. Rh1 Bh6 24. Qe2 Na4 25. Nhf5 Nc3+ 26. bxc3 bxc3
27. Rxh6+ Kg8 28. Rdh1 gxf5 29. Rg6+ 1-0

[Event "Saint Quentin 2005"]
[Site "Elancourt"]
[Date "2005.04.24"]
[Round "2.8"]
[White "Hedjazian, Navid"]
[Black "Hadet, Emmanuel"]
[Result "1-0"]
[WhiteElo "1954"]
[BlackElo "2030"]
[PlyCount "123"]
[EventDate "2005.04.??"]

1. e4 c5 2. c3 Nf6 3. e5 Nd5 4. d4 cxd4 5. Nf3 e6 6. cxd4 b6 7. Nc3 Nxc3 8.
bxc3 Qc7 9. Qc2 Bb7 10. Be2 d6 11. Bf4 Nd7 12. O-O Rc8 13. exd6 Bxd6 14. Bxd6
Qxd6 15. Rad1 O-O 16. c4 Rc7 17. Qb3 Rfc8 18. Rd2 Qf4 19. Rfd1 h6 20. d5 exd5
21. cxd5 Qd6 22. Nh4 Nf6 23. Nf5 Qe5 24. d6 Rc3 25. Ne7+ Kh8 26. Qxf7 Qg5 27.
g3 Rc1 28. d7 Qxd2 29. dxc8=Q+ Bxc8 30. Qf8+ Kh7 31. Bd3+ Qxd3 32. Rxc1 Bh3 33.
Qa8 Qd2 34. Qc6 Qxa2 35. Qc2+ Qxc2 36. Rxc2 Be6 37. Rb2 Bc4 38. Nc6 b5 39. Nxa7
Nd5 40. Nxb5 Bxb5 41. Rxb5 Nf6 42. h4 Kg6 43. Kg2 Kf7 44. Kf3 g6 45. g4 Ke6 46.
Ra5 Nd5 47. Kg3 Ne7 48. f4 Kf6 49. Kf3 Ke6 50. Ke4 Kf6 51. Ra6+ Kf7 52. Ke5 g5
53. hxg5 hxg5 54. fxg5 Ng6+ 55. Rxg6 Kxg6 56. Kf4 Kg7 57. Kf5 Kf7 58. g6+ Kg7
59. Kg5 Kg8 60. Kh6 Kh8 61. g7+ Kg8 62. g5 1-0

[Event "Saint Quentin 2005"]
[Site "Elancourt"]
[Date "2005.04.24"]
[Round "2.9"]
[White "Dominguez, Alain"]
[Black "Scozzesi, Francois"]
[Result "1-0"]
[WhiteElo "1920"]
[BlackElo "2010"]
[PlyCount "81"]
[EventDate "2005.04.??"]

1. Nf3 g6 2. c4 Bg7 3. Nc3 d6 4. d4 Nf6 5. e4 O-O 6. Be2 Bg4 7. O-O Nfd7 8. Ng5
Bxe2 9. Nxe2 Na6 10. f4 c5 11. d5 h6 12. Nf3 Nc7 13. Rb1 a6 14. Qc2 b5 15. b3
Re8 16. Bb2 Bxb2 17. Rxb2 e6 18. Ng3 exd5 19. exd5 Qf6 20. Qd2 Nb6 21. Rc2 Qe7
22. Kf2 f5 23. h4 Qf6 24. h5 gxh5 25. Rh1 Re7 26. Rxh5 Rg7 27. Nh4 Rxg3 28.
Kxg3 Qg7+ 29. Kf2 Qg4 30. Rxh6 Kf8 31. g3 Ne8 32. Qd3 Ng7 33. Rxd6 bxc4 34.
bxc4 Nc8 35. Rc6 Ne7 36. Rxc5 Re8 37. Re2 Ng8 38. Rxe8+ Kxe8 39. Qe2+ Ne7 40.
Qxg4 fxg4 41. Ra5 1-0

[Event "Saint Quentin 2005"]
[Site "Elancourt"]
[Date "2005.04.24"]
[Round "2.10"]
[White "Oger, Claude"]
[Black "Fischer, Jean-Claude"]
[Result "1-0"]
[WhiteElo "2008"]
[BlackElo "1920"]
[PlyCount "67"]
[EventDate "2005.04.??"]

1. d4 e6 2. c4 d5 3. Nc3 Nf6 4. Bg5 Be7 5. e3 Nbd7 6. Nf3 O-O 7. Rc1 Re8 8. Bd3
Nf8 9. O-O b6 10. Ne5 Ne4 11. Bxe7 Nxc3 12. Bxd8 Nxd1 13. Rfxd1 Rxd8 14. cxd5
exd5 15. Rxc7 Be6 16. Rdc1 Rdc8 17. Ba6 Rxc7 18. Rxc7 g6 19. Nc6 Kg7 20. Bb7
Re8 21. Nxa7 Kf6 22. Kf1 Re7 23. Rxe7 Kxe7 24. Nc8+ Bxc8 25. Bxc8 h6 26. Ke2
Nh7 27. Kd3 Nf6 28. f3 Kd6 29. b4 Ne8 30. Bb7 f6 31. a4 Nc7 32. a5 bxa5 33.
bxa5 Nb5 34. a6 1-0

[Event "Saint Quentin 2005"]
[Site "Elancourt"]
[Date "2005.04.24"]
[Round "2.11"]
[White "Benchara, Sara"]
[Black "Duval, Sylvain"]
[Result "0-1"]
[WhiteElo "1150"]
[BlackElo "2006"]
[PlyCount "70"]
[EventDate "2005.04.??"]

1. d4 Nf6 2. c4 Nc6 3. e3 e5 4. Nf3 Bb4+ 5. Nbd2 d6 6. Bd3 e4 7. Be2 exf3 8.
Bxf3 O-O 9. O-O Bf5 10. Re1 Re8 11. d5 Ne5 12. Be2 Ne4 13. Bh5 Bg6 14. Bxg6
Nxg6 15. Rf1 Nxd2 16. Bxd2 Bxd2 17. Qxd2 Qg5 18. Rfe1 Nh4 19. Kf1 Qxg2+ 20. Ke2
Nf3 21. Qd1 Nxe1 22. Qxe1 f5 23. Kd3 Qe4+ 24. Kd2 f4 25. Qg1 Re7 26. Re1 Rae8
27. Qf1 fxe3+ 28. fxe3 Rf7 29. Qe2 Ref8 30. Kc3 Rf2 31. Qd1 Qe5+ 32. Kb3 Qxb2+
33. Ka4 Qxa2+ 34. Kb5 Rb2+ 35. Qb3 Rxb3# 0-1

[Event "Saint Quentin 2005"]
[Site "Elancourt"]
[Date "2005.04.24"]
[Round "2.12"]
[White "Benhamouda, Fabrice"]
[Black "Couturier, Francois"]
[Result "0-1"]
[WhiteElo "1520"]
[BlackElo "2075"]
[PlyCount "60"]
[EventDate "2005.04.??"]

1. e4 b6 2. d4 Bb7 3. Nc3 e6 4. Bd3 Nc6 5. Nge2 Nb4 6. Be3 Nxd3+ 7. cxd3 Nf6 8.
f3 d6 9. Qc2 Be7 10. Bf4 O-O 11. g4 Nd7 12. O-O-O Bg5 13. Bxg5 Qxg5+ 14. Kb1 c5
15. Qa4 Qe7 16. h4 Rfc8 17. g5 a6 18. Qb3 b5 19. Rc1 cxd4 20. Nxd4 Nc5 21. Qc2
b4 22. Na4 b3 23. Qc4 Nxe4 24. Qb4 bxa2+ 25. Kxa2 Bd5+ 26. Ka1 Nc5 27. Nb6 Qb7
28. Nxd5 Qxd5 29. Qc4 Qxd4 30. Qc2 Qxd3 0-1

[Event "Saint Quentin 2005"]
[Site "Elancourt"]
[Date "2005.04.24"]
[Round "2.13"]
[White "Criton, Roland"]
[Black "O Neill, Liam"]
[Result "1-0"]
[WhiteElo "2018"]
[BlackElo "1360"]
[PlyCount "75"]
[EventDate "2005.04.??"]

1. d4 Nf6 2. c4 g6 3. Nc3 Bg7 4. e4 d6 5. f3 Nbd7 6. Be3 e5 7. d5 O-O 8. Qd2
Re8 9. Nge2 a6 10. Bh6 Rb8 11. Ng3 a5 12. h4 Nf8 13. h5 N8d7 14. hxg6 fxg6 15.
Bxg7 Kxg7 16. Be2 Nc5 17. O-O-O Ra8 18. f4 exf4 19. Qxf4 Qe7 20. Rdf1 Rf8 21.
Qg5 Kh8 22. Qxg6 Qg7 23. Rxf6 Rxf6 24. Qxg7+ Kxg7 25. Nh5+ Kg6 26. Nxf6 Kxf6
27. Rxh7 a4 28. Rxc7 a3 29. bxa3 Rxa3 30. Kb2 Ra8 31. Bf3 Kg5 32. Nb5 Bg4 33.
Rg7+ Kf6 34. Rxg4 Nd3+ 35. Kb1 Ne5 36. Rf4+ Kg6 37. Nxd6 Kg5 38. Rg4+ 1-0

[Event "Saint Quentin 2005"]
[Site "Elancourt"]
[Date "2005.04.24"]
[Round "2.14"]
[White "Habunek, Patrick"]
[Black "Aouizerate, Robert"]
[Result "0-1"]
[WhiteElo "1700"]
[BlackElo "1989"]
[PlyCount "140"]
[EventDate "2005.04.??"]

1. e4 c5 2. Nf3 Nc6 3. d4 cxd4 4. Nxd4 Nf6 5. Nc3 e5 6. Ndb5 d6 7. Bg5 a6 8.
Na3 b5 9. Nd5 Be7 10. Bxf6 Bxf6 11. c3 O-O 12. Nc2 Rb8 13. Be2 Bg5 14. O-O f5
15. exf5 Bxf5 16. Bd3 e4 17. Be2 Ne5 18. Nce3 Bxe3 19. Nxe3 Bg6 20. Qd5+ Kh8
21. Rad1 Nd3 22. Bxd3 exd3 23. Qd4 Qe7 24. Rd2 Qe5 25. Qxe5 dxe5 26. f3 Rbd8
27. Ng4 e4 28. fxe4 Rxf1+ 29. Kxf1 Bxe4 30. Nf2 Rf8 31. Ke1 Bxg2 32. Nxd3 Bd5
33. b3 Re8+ 34. Re2 Rc8 35. Kd2 Rd8 36. Kc2 g5 37. Nb4 Bf3 38. Rd2 Be4+ 39. Kc1
Rc8 40. Kb2 a5 41. Nc2 Kg7 42. Rd4 Re8 43. Rd7+ Kf6 44. Nd4 Rb8 45. Rd6+ Ke5
46. Rh6 Rb7 47. Nc6+ Bxc6 48. Rxc6 h5 49. Rh6 h4 50. Kc2 Kf4 51. Rf6+ Kg4 52.
c4 bxc4 53. bxc4 Rc7 54. Kc3 Rc5 55. Kd4 Rf5 56. Rxf5 Kxf5 57. Kd5 g4 58. c5 g3
59. hxg3 h3 60. c6 h2 61. g4+ Kxg4 62. c7 h1=Q+ 63. Kd6 Qb7 64. Kd7 Kf5 65. a4
Ke5 66. Kd8 Qb6 67. Kd7 Qd6+ 68. Kc8 Kd5 69. Kb8 Kc6 70. Ka8 Kxc7 0-1

[Event "Saint Quentin 2005"]
[Site "Elancourt"]
[Date "2005.04.24"]
[Round "2.15"]
[White "Appavou, Calixte"]
[Black "Velitchko, Kirill"]
[Result "0-1"]
[WhiteElo "1960"]
[BlackElo "1199"]
[PlyCount "61"]
[EventDate "2005.04.??"]

1. e4 c5 2. Nf3 Nc6 3. d4 cxd4 4. Nxd4 Nf6 5. Nc3 e5 6. Nde2 Bb4 7. Bd2 d6 8.
Ng3 Be6 9. Bb5 O-O 10. O-O Rc8 11. Bd3 Bxc3 12. Bxc3 d5 13. Qe2 d4 14. Bd2 Qb6
15. a3 Ne8 16. Kh1 Nd6 17. f4 f5 18. b3 exf4 19. Bxf4 Nf7 20. a4 Nfe5 21. Bxe5
Nxe5 22. h3 Rc3 23. Nxf5 Bxf5 24. Rxf5 Nxd3 25. cxd3 Qxb3 26. Rb5 Qf7 27. Rd5
Rfc8 28. Rf1 Qe7 29. Rxd4 Rc1 30. Rd5 Qa3 31. a5 0-1

[Event "Saint Quentin 2005"]
[Site "Elancourt"]
[Date "2005.04.24"]
[Round "2.16"]
[White "Francois, Jean"]
[Black "Duval, Dominique"]
[Result "1/2-1/2"]
[WhiteElo "1900"]
[BlackElo "1630"]
[PlyCount "84"]
[EventDate "2005.04.??"]

1. c4 f5 2. d4 Nf6 3. Nf3 g6 4. Nc3 Bg7 5. g3 d6 6. Bg2 Nc6 7. Bd2 O-O 8. Qc1
Ne4 9. Bh6 e5 10. Bxg7 Kxg7 11. dxe5 dxe5 12. O-O Nf6 13. Rd1 Qe8 14. Nd5 Qf7
15. Ng5 Qg8 16. Nxc7 Rb8 17. Rd6 Nd4 18. Kf1 h6 19. e3 hxg5 20. exd4 e4 21. d5
Ng4 22. Qxg5 Rf6 23. Rxf6 Nxf6 24. Rd1 Bd7 25. b3 Qf7 26. Qf4 Rh8 27. h3 Rc8
28. Qe5 Kg8 29. Re1 Kh7 30. Kg1 Rf8 31. Ne6 Bxe6 32. dxe6 Qe7 33. Rd1 Rc8 34.
Rd6 b6 35. Qd4 Rc7 36. a4 Rc5 37. b4 Rxc4 38. Qxc4 Qxd6 39. Bf1 Nd5 40. e7 Nxe7
41. Qf7+ Kh8 42. b5 e3 1/2-1/2

[Event "Saint Quentin 2005"]
[Site "Elancourt"]
[Date "2005.04.24"]
[Round "2.17"]
[White "Miolane, Leo"]
[Black "D'Avout d'Averstaedt, Geoffroy"]
[Result "0-1"]
[WhiteElo "1550"]
[BlackElo "2032"]
[PlyCount "60"]
[EventDate "2005.04.??"]

1. e4 Nc6 2. Nf3 Nf6 3. e5 Ng4 4. d4 d6 5. exd6 cxd6 6. Bb5 Bd7 7. O-O g6 8.
Re1 Bg7 9. c3 O-O 10. Bg5 Nf6 11. Nbd2 a6 12. Bxc6 Bxc6 13. Nc4 b5 14. Ne3 h6
15. Bh4 Nd7 16. Qe2 f5 17. d5 Bb7 18. Nxf5 Rxf5 19. Qe6+ Kh7 20. Bxe7 Qe8 21.
Nh4 Rxd5 22. Bxd6 Qxe6 23. Rxe6 Nf6 24. Be7 Re8 25. Rxf6 Rxe7 26. Rxg6 Rde5 27.
h3 Re1+ 28. Rxe1 Rxe1+ 29. Kh2 Be5+ 30. g3 Rh1# 0-1

[Event "Saint Quentin 2005"]
[Site "Elancourt"]
[Date "2005.04.24"]
[Round "2.18"]
[White "Baron, Romuald"]
[Black "Durez, Gerard"]
[Result "1-0"]
[WhiteElo "1973"]
[BlackElo "1530"]
[PlyCount "59"]
[EventDate "2005.04.??"]

1. d4 e6 2. c4 f5 3. Nf3 Nf6 4. e3 Be7 5. Bd3 c6 6. Nc3 O-O 7. Qc2 Na6 8. a3
Nc7 9. e4 fxe4 10. Nxe4 Nce8 11. Neg5 h6 12. Bh7+ Kh8 13. h4 Ng4 14. Bg8 Qa5+
15. Bd2 Qf5 16. Qxf5 Rxf5 17. Bf7 Nd6 18. Bg6 Rf8 19. c5 Bxg5 20. hxg5 Nf5 21.
Bxf5 exf5 22. gxh6 f4 23. hxg7+ Kxg7 24. Ne5 Nxe5 25. dxe5 b6 26. Bc3 Kg6 27.
O-O-O bxc5 28. Rd6+ Kg5 29. f3 a6 30. Rdh6 1-0

[Event "Saint Quentin 2005"]
[Site "Elancourt"]
[Date "2005.04.24"]
[Round "2.19"]
[White "Boussaha, Bilal"]
[Black "Sineux, Sandra"]
[Result "1-0"]
[WhiteElo "1877"]
[BlackElo "1510"]
[PlyCount "62"]
[EventDate "2005.04.??"]

1. e4 e6 2. d4 d5 3. exd5 exd5 4. c4 Nf6 5. Nc3 Bb4 6. a3 Bxc3+ 7. bxc3 O-O 8.
Bd3 b6 9. Ne2 Nbd7 10. O-O c5 11. Bg5 Qc7 12. cxd5 Nxd5 13. c4 N5f6 14. Bf4 Qd8
15. d5 Re8 16. Nc3 Ne5 17. Be2 Ba6 18. Qa4 Bc8 19. Rfe1 Bf5 20. Rad1 Bd7 21.
Qb3 a6 22. a4 Rb8 23. Bf1 Nfg4 24. f3 Qf6 25. Bg3 Nxf3+ 26. gxf3 Rxe1 27. Rxe1
Qd4+ 28. Kg2 Ne3+ 29. Rxe3 Qxe3 30. Bxb8 Qd2+ 31. Ne2 Qg5+ 1-0

[Event "Saint Quentin 2005"]
[Site "Elancourt"]
[Date "2005.04.24"]
[Round "2.20"]
[White "Branson, James"]
[Black "Collette, Gilles"]
[Result "0-1"]
[WhiteElo "1499"]
[BlackElo "1790"]
[PlyCount "58"]
[EventDate "2005.04.??"]

1. e4 e6 2. d4 d5 3. Nc3 Nf6 4. Bg5 Bb4 5. e5 h6 6. exf6 hxg5 7. fxg7 Rg8 8.
Qh5 Qf6 9. h4 gxh4 10. Rxh4 Qxg7 11. Nge2 Nd7 12. O-O-O Nf6 13. Qf3 Bd7 14. Kb1
Bd6 15. Nf4 a6 16. Nh5 Nxh5 17. Rxh5 O-O-O 18. Qe3 Kb8 19. g3 Rc8 20. Be2 Rh8
21. Rg5 Qf6 22. Nxd5 exd5 23. f4 Rce8 24. Qb3 Bc6 25. Bf1 Re7 26. c4 Re3 27.
Qc2 dxc4 28. Bxc4 Be4 29. Bd3 Bxd3 0-1

[Event "Saint Quentin 2005"]
[Site "Elancourt"]
[Date "2005.04.24"]
[Round "2.21"]
[White "Szwedkowski, Sylvain"]
[Black "Benhamouda, Mathieu"]
[Result "1-0"]
[WhiteElo "1790"]
[BlackElo "1450"]
[PlyCount "49"]
[EventDate "2005.04.??"]

1. d4 d5 2. c4 e6 3. Nc3 Nf6 4. cxd5 Nxd5 5. e4 Nxc3 6. bxc3 e5 7. d5 c6 8. Bc4
Bd6 9. Be3 b5 10. Bb3 Bb7 11. Nf3 O-O 12. O-O f5 13. dxc6+ Kh8 14. cxb7 Nc6 15.
bxa8=Q Qxa8 16. Qxd6 Rd8 17. Qe6 fxe4 18. Nxe5 Nxe5 19. Qxe5 Qc6 20. Rfd1 Re8
21. Rd6 Rxe5 22. Rxc6 Re8 23. Rd1 h6 24. Rd7 Re5 25. Bxh6 1-0

[Event "Saint Quentin 2005"]
[Site "Elancourt"]
[Date "2005.04.24"]
[Round "2.22"]
[White "Dubos, Jean-Luc"]
[Black "Le Scraigne, Eric"]
[Result "0-1"]
[WhiteElo "1430"]
[BlackElo "1740"]
[PlyCount "36"]
[EventDate "2005.04.??"]

1. e4 e6 2. d4 d5 3. Nd2 c5 4. exd5 exd5 5. Bb5+ Nc6 6. Qe2+ Qe7 7. dxc5 Qxe2+
8. Nxe2 Bxc5 9. Nb3 Be7 10. Nbd4 Bd7 11. Be3 Nf6 12. f3 O-O 13. O-O-O Rfe8 14.
Rhe1 Bb4 15. Bd2 Nxd4 16. Bxd7 Nxe2+ 17. Kb1 Bxd2 18. Rxd2 Nc3+ 0-1

[Event "Saint Quentin 2005"]
[Site "Elancourt"]
[Date "2005.04.24"]
[Round "2.23"]
[White "Ferriere, Patrick"]
[Black "Benchara, Imane"]
[Result "1-0"]
[WhiteElo "1720"]
[BlackElo "1320"]
[PlyCount "67"]
[EventDate "2005.04.??"]

1. c4 Nf6 2. g3 d5 3. cxd5 Qxd5 4. Nf3 e6 5. Bg2 Bc5 6. Nc3 Qd8 7. O-O O-O 8.
Qc2 Nc6 9. a3 Bd7 10. b4 Bd6 11. Bb2 Ng4 12. Rac1 Qf6 13. Ne4 Qh6 14. Nxd6 Nd4
15. Bxd4 e5 16. Bxe5 cxd6 17. Bf4 Rac8 18. Bxh6 Rxc2 19. Rxc2 Nxh6 20. Rfc1 Nf5
21. e3 Ne7 22. Rc7 Rd8 23. Rxb7 h6 24. Rcc7 Nd5 25. Rxd7 Rc8 26. Ne1 Nf6 27.
Rxf7 Nh5 28. Bd5 Kh7 29. g4 Nf6 30. Rxf6 Rg8 31. Bxg8+ Kh8 32. Rf8 a5 33. Be6+
Kh7 34. Bf5# 1-0

[Event "Saint Quentin 2005"]
[Site "Elancourt"]
[Date "2005.04.24"]
[Round "2.24"]
[White "Vallobra, Pierre"]
[Black "Gahagnon, Jacques"]
[Result "0-1"]
[WhiteElo "1360"]
[BlackElo "1720"]
[PlyCount "92"]
[EventDate "2005.04.??"]

1. d4 Nf6 2. c4 c5 3. d5 b5 4. b3 bxc4 5. bxc4 g6 6. Bg5 Bg7 7. Nc3 O-O 8. Rb1
d6 9. Nf3 Bf5 10. Rc1 Ne4 11. Nxe4 Bxe4 12. Qd2 Nd7 13. Qe3 Qa5+ 14. Nd2 f5 15.
Bxe7 Rfe8 16. Bxd6 Bxg2 17. Be7 Be4 18. d6 Rab8 19. f3 Bd4 20. Qh6 Rb1 21. Rxb1
Bxb1 22. h4 Qc3 23. e4 Be3 24. Qxe3 Qxe3+ 25. Kd1 Bd3 26. Bxd3 Qxd3 27. h5 Rb8
28. Kc1 Qc3+ 29. Kd1 Rb1+ 30. Nxb1 Qxf3+ 31. Kc2 Qxh1 32. Nc3 fxe4 33. Nd5 Qg2+
34. Kb3 Qf3+ 35. Ka4 e3 36. hxg6 hxg6 37. Bh4 e2 38. Kb5 Qe4 39. Nf6+ Nxf6 40.
Bxf6 Qb7+ 41. Kxc5 e1=Q 42. Kd4 Qf2+ 43. Ke5 Qf5+ 44. Kd4 Qxf6+ 45. Ke3 Qbf3+
46. Kd2 Q6c3# 0-1

[Event "Saint Quentin 2005"]
[Site "Elancourt"]
[Date "2005.04.24"]
[Round "2.25"]
[White "Gaillet, Philippe"]
[Black "Levier, Jean-Francois"]
[Result "1-0"]
[WhiteElo "1310"]
[BlackElo "1700"]
[PlyCount "53"]
[EventDate "2005.04.??"]

1. e4 d6 2. d4 Nf6 3. Nc3 g6 4. f4 Bg7 5. Nf3 O-O 6. Bd3 Bg4 7. O-O e5 8. d5
Nfd7 9. h3 Bxf3 10. Qxf3 h5 11. f5 a6 12. Be3 b5 13. b4 c6 14. Rf2 Nb6 15. f6
Bh8 16. Raf1 cxd5 17. exd5 N8d7 18. Bh6 Re8 19. Bxg6 Nxf6 20. Bxh5 Qe7 21. Qg3+
Kh7 22. Rxf6 Rg8 23. Rxf7+ Qxf7 24. Rxf7+ Kxh6 25. Qh4 Rg5 26. Bg4+ Kg6 27.
Qh7# 1-0

[Event "Saint Quentin 2005"]
[Site "Elancourt"]
[Date "2005.04.24"]
[Round "2.26"]
[White "Rodriguez, Jean-Pierre"]
[Black "Guillet, Jacques"]
[Result "1-0"]
[WhiteElo "1650"]
[BlackElo "1230"]
[PlyCount "75"]
[EventDate "2005.04.??"]

1. c4 Nf6 2. Nc3 d5 3. e3 e5 4. cxd5 Nxd5 5. e4 Nf6 6. Nf3 Nbd7 7. Bc4 Be7 8.
d4 Bb4 9. O-O Bxc3 10. bxc3 Nxe4 11. Qb3 O-O 12. Re1 Nd6 13. Bg5 Qe8 14. Nxe5
Nxe5 15. Rxe5 Qc6 16. Rc5 Qd7 17. Bd3 b6 18. Re5 Re8 19. Re3 h6 20. Bf4 Bb7 21.
Rae1 Qg4 22. Bg3 Qd7 23. d5 c5 24. Bxd6 Rxe3 25. Rxe3 Qxd6 26. c4 Rd8 27. Be4
Bc8 28. Rg3 Qf6 29. Qb1 g6 30. Bxg6 Kh8 31. Bd3 Re8 32. h3 Bd7 33. Rf3 Qe5 34.
Re3 Qg7 35. Rg3 Qe5 36. Re3 Qg7 37. Be4 Bxh3 38. Rxh3 1-0

[Event "Saint Quentin 2005"]
[Site "Elancourt"]
[Date "2005.04.24"]
[Round "2.27"]
[White "Mazaltob, Gerald"]
[Black "Poudroux, Joel"]
[Result "1-0"]
[WhiteElo "1570"]
[BlackElo "1199"]
[PlyCount "87"]
[EventDate "2005.04.??"]

1. d4 d5 2. Nf3 Nf6 3. c4 Bf5 4. e3 e6 5. cxd5 exd5 6. a3 Bd6 7. Nc3 O-O 8. Be2
Nc6 9. b4 b6 10. O-O Ne7 11. Nb5 c6 12. Nxd6 Qxd6 13. Bb2 Rac8 14. Rc1 c5 15.
dxc5 bxc5 16. Be5 Qe6 17. bxc5 Nd7 18. Bd6 Rfd8 19. Ba6 Rc6 20. Nd4 Qg6 21.
Nxc6 Nxc6 22. f3 Bh3 23. Rf2 Nde5 24. Bf1 Re8 25. Qxd5 Be6 26. Qd2 Bb3 27. e4
Qe6 28. Bxe5 Nxe5 29. Qd6 Ba4 30. Qxe6 Rxe6 31. Rd2 g6 32. Rd6 Re7 33. h3 h5
34. f4 Nc6 35. e5 g5 36. g3 h4 37. Kf2 Nd4 38. Rxd4 f5 39. Rxa4 g4 40. c6 gxh3
41. Bxh3 Kf8 42. c7 Rxc7 43. Rxc7 Kg8 44. Raxa7 1-0

[Event "Saint Quentin 2005"]
[Site "Elancourt"]
[Date "2005.04.24"]
[Round "2.28"]
[White "Salaun, Alexandre"]
[Black "Marquet, Didier"]
[Result "0-1"]
[WhiteElo "1210"]
[BlackElo "1550"]
[PlyCount "92"]
[EventDate "2005.04.??"]

1. e4 c5 2. Bc4 e6 3. Nf3 Nc6 4. d3 Be7 5. O-O d6 6. Nc3 a6 7. a4 Bd7 8. d4
cxd4 9. Nxd4 Nf6 10. Nf3 O-O 11. Qe2 Nb4 12. Ng5 h6 13. Nh3 e5 14. a5 Rc8 15.
Bb3 Bxh3 16. Ra4 Nc6 17. Nd5 Nd4 18. Qd3 Nxb3 19. Qxb3 Nxd5 20. exd5 Bd7 21.
Qg3 Bxa4 22. Bxh6 Bf6 23. h4 Bb5 24. Rc1 Qxa5 25. c3 Qd8 26. Bg5 Bxg5 27. hxg5
Rc4 28. f3 Qb6+ 29. Kh2 Qe3 30. Rh1 Qf4 31. b3 Qxg3+ 32. Kxg3 Rxc3 33. g6 fxg6
34. Kg4 Rxb3 35. Kg5 Rf6 36. Rf1 Bxf1 37. g4 Rfxf3 38. Kxg6 Rb5 39. Kg5 Rxd5
40. Kg6 Rf6+ 41. Kg5 e4+ 42. Kh4 e3 43. g5 Rf4+ 44. Kh5 Rd2 45. Kg6 Bd3+ 46.
Kh5 Rh2# 0-1

[Event "Saint Quentin 2005"]
[Site "Elancourt"]
[Date "2005.04.25"]
[Round "3.1"]
[White "Plantet, Marc"]
[Black "Radulov, Ivan"]
[Result "0-1"]
[WhiteElo "2036"]
[BlackElo "2334"]
[Annotator "Sylvain,Rivier"]
[PlyCount "42"]
[EventDate "2005.04.??"]

1. e4 e5 2. f4 Qh4+ 3. g3 Qe7 4. fxe5 d6 5. Nc3 dxe5 6. d4 exd4 7. Qxd4 Nc6 8.
Bb5 Bd7 9. Qa4 Qb4 10. Nge2 Nf6 11. O-O Qxa4 12. Bxa4 Ne5 13. Bxd7+ (13. Rf5
Bc5+ 14. Kh1 Bd6) 13... Nfxd7 14. Be3 O-O-O 15. a4 Bc5 16. Bxc5 Nxc5 17. Rad1
f6 18. Nd4 Rhe8 19. b4 Ne6 20. Nce2 (20. Nf5 Rxd1 21. Rxd1 g6 22. Ne3) 20...
Ng5 21. Nc3 Rxd4 0-1

[Event "Saint Quentin 2005"]
[Site "Elancourt"]
[Date "2005.04.25"]
[Round "3.2"]
[White "Gerard, Nicolas"]
[Black "Oger, Claude"]
[Result "1/2-1/2"]
[WhiteElo "2334"]
[BlackElo "2008"]
[PlyCount "81"]
[EventDate "2005.04.??"]

1. d4 Nf6 2. c4 g6 3. Nc3 Bg7 4. e4 d6 5. f4 O-O 6. Nf3 c6 7. Be2 Bg4 8. O-O
Nbd7 9. e5 Ne8 10. Kh1 Nc7 11. Ng5 Bxe2 12. Qxe2 h6 13. Nge4 d5 14. cxd5 cxd5
15. Ng3 e6 16. b3 Re8 17. Ba3 Bf8 18. Bxf8 Rxf8 19. Qg4 Kh7 20. Rad1 f5 21.
exf6 Qxf6 22. Qe2 Rf7 23. Qe3 Raf8 24. Nge2 a6 25. Ng1 Qh4 26. g3 Qh5 27. Rc1
Nf6 28. Nf3 Ng4 29. Qe2 Nf6 30. Rfe1 Nd7 31. Nd1 Ne8 32. Nf2 Nef6 33. Rg1 g5
34. Qd3+ Kg7 35. g4 Qg6 36. Qxg6+ Kxg6 37. Ne5+ Nxe5 38. fxe5 Ne4 39. Nxe4 dxe4
40. Rce1 Rf2 41. Rd1 1/2-1/2

[Event "Saint Quentin 2005"]
[Site "Elancourt"]
[Date "2005.04.25"]
[Round "3.3"]
[White "Duval, Sylvain"]
[Black "Bogdanov, Emil"]
[Result "0-1"]
[WhiteElo "2006"]
[BlackElo "2250"]
[PlyCount "77"]
[EventDate "2005.04.??"]

1. e4 c5 2. Nc3 e6 3. Nf3 a6 4. d4 cxd4 5. Nxd4 Qc7 6. Be2 Nf6 7. a3 d6 8. O-O
Nbd7 9. Be3 b5 10. f3 Be7 11. g4 h6 12. Qd2 Ne5 13. h3 O-O 14. g5 hxg5 15. Bxg5
Bb7 16. Rae1 Rad8 17. f4 Nc6 18. Nxc6 Bxc6 19. Bf3 Nh7 20. Bxe7 Qxe7 21. Qf2
Rc8 22. Kh1 a5 23. Rg1 Qf6 24. Qg3 b4 25. axb4 axb4 26. Nd1 Kh8 27. c3 b3 28.
Ne3 Rg8 29. Ng4 Qg6 30. Qf2 Qh5 31. Kh2 Qc5 32. Qxc5 dxc5 33. Ra1 Rgd8 34. Rgd1
Kg8 35. Ne5 Bb5 36. Kg3 Nf8 37. Kf2 f6 38. Ng4 Ng6 39. Ke3 0-1

[Event "Saint Quentin 2005"]
[Site "Elancourt"]
[Date "2005.04.25"]
[Round "3.4"]
[White "Bouverot, Olivier"]
[Black "Hedjazian, Navid"]
[Result "1-0"]
[WhiteElo "2138"]
[BlackElo "1954"]
[PlyCount "73"]
[EventDate "2005.04.??"]

1. d4 Nf6 2. Nf3 c5 3. c4 cxd4 4. Nxd4 g6 5. g3 Bg7 6. Bg2 Nc6 7. O-O O-O 8.
Nc3 Nxd4 9. Qxd4 d6 10. Qd3 a6 11. Rd1 Qc7 12. Bd2 Bd7 13. Rac1 Rfc8 14. b3
Rab8 15. a4 Qd8 16. h3 Bc6 17. Be3 Nd7 18. Nd5 Bxd5 19. Bxd5 Nc5 20. Qb1 b5 21.
cxb5 axb5 22. Bxc5 dxc5 23. Bxf7+ Kxf7 24. Rxd8 Rxd8 25. Qe4 bxa4 26. bxa4 Rbc8
27. Rc4 Bf6 28. a5 Rd6 29. Ra4 Rd4 30. Rxd4 Bxd4 31. a6 c4 32. Qxd4 c3 33. Qd1
Ke6 34. a7 Ke5 35. Qc2 Kd4 36. Qd3+ Ke5 37. Qb5+ 1-0